00942nam a2200265Ia 4500001000700000003000500007008004100012010001100053040000900064082001400073100008000087245009000167260004200257300000700299440000500306500008000311503000500391650005000396650003100446650003000477650003300507650005000540650004500590650004100635Z_2687CHAP220113s1993 xx 000 0 und d a165748 cCHAP a630.83 I5 aInstituto Nacional de Estadística, Geografía e Informática. México. aCenso Agropecuario, 1991 (7) : México (Edo.) : resultados definitivos /cpor INEGI aAguascalientes, Ags. :bINEGI,c1993 av. a aLa biblioteca tiene : v. 1 Censo ejidal -- v. 2-4 Censo agrícola-ganadero a aAgriculturaxEstadísticaxMéxico (Edo.)  aBosquesxMéxico (Edo.)  aEjidosxMéxico (Edo.)  aMaquinaria agrícolaxEstad aMéxico (Edo.)xGanaderíaxEstadísticas  aProducción agrícolaxEstadísticas  aProductos pecuariosxEstadísticas